Revista de Derecho Procesal Penal : la víctima del delito. Aspectos procesales penales. Tomo II /

Guardado en:
Formato: Libro
Idioma:Spanish
Publicado: Santa Fe : Rubinzal Culzoni, 2017.
Edición:1a. ed.
Materias:
Etiquetas: Agregar Etiqueta
Sin Etiquetas, Sea el primero en etiquetar este registro!
LEADER 00631nam a22001695a 4500
001 DER.der013626
008 180615s2017####ag#||||||||||||||#||spa||
005 20251031192654.0
245 1 0 |a Revista de Derecho Procesal Penal :  |b la víctima del delito. Aspectos procesales penales.  |n Tomo II /  |c dirigido por Edgardo Alberto Donna, y Angela Ester Ledesma. 
250 |a 1a. ed. 
260 |a Santa Fe :  |b Rubinzal Culzoni,  |c 2017. 
300 |a 632 p. 
020 |a 9789873008191 
700 1 |a Donna, Edgardo Alberto,  |e dir. 
700 1 |a Ledesma, Angela Ester,  |e dir. 
650 7 |a DERECHO PROCESAL PENAL 
859 |a DERECHO  |b BIB. DERECHO  |h 345.05  |i REV  |p 008658